PES CERO (Record no. 1734)

MARC details
000 -LEADER
campo de control de longitud fija 00437nam a22001217a 4500
008 - DATOS DE LONGITUD FIJA--INFORMACIÓN GENERAL
campo de control de longitud fija 190222b xxu||||| |||| 00| 0 eng d
082 ## - NÚMERO DE LA CLASIFICACIÓN DECIMAL DEWEY
Número de clasificación 707
Número de ítem AL473p
100 ## - ENTRADA PRINCIPAL--NOMBRE DE PERSONA
Nombre de persona Trugeda, Javier et all.
9 (RLIN) 6925
245 ## - MENCIÓN DEL TÍTULO
Título PES CERO
260 ## - PUBLICACIÓN, DISTRIBUCIÓN, ETC.
Lugar de publicación, distribución, etc. México
Nombre del editor, distribuidor, etc. SOMA
-- Fundación Alumnos47
Fecha de publicación, distribución, etc. 2018
300 ## - DESCRIPCIÓN FÍSICA
Extensión 106 p.
Otras características físicas ill.
Dimensiones 20,3 x 13,2 cm
650 ## - PUNTO DE ACCESO ADICIONAL DE MATERIA--TÉRMINO DE MATERIA
Fuente del encabezamiento o término Arte contemporáneo
Subdivisión de forma Arte - educación
Subdivisión general Arte - investigación
-- Arte - educación - taller
Subdivisión geográfica Arte - México
9 (RLIN) 6926
Holdings
Estatus retirado Estado de pérdida Fuente del sistema de clasificación o colocación Estado de daño No para préstamo Biblioteca de origen Biblioteca actual Ubicación en estantería Fecha de adquisición Total de préstamos Signatura topográfica completa Código de barras Visto por última vez Precio de reemplazo Tipo de ítem Koha
    Clasificación Decimal Dewey     Biblioteca LadoV Biblioteca LadoV   22/02/2019   707 AL473p 002166 22/02/2019 22/02/2019 Material 01